International Conference on NANOMATERIALS NANO 2005 (Record no. 245517)

MARC details
000 -LEADER
fixed length control field 00453nam a2200181Ia 4500
008 - FIXED-LENGTH DATA ELEMENTS--GENERAL INFORMATION
fixed length control field 240913s9999||||xx |||||||||||||| ||und||
020 ## - INTERNATIONAL STANDARD BOOK NUMBER
International Standard Book Number 81-7764-866-7
082 ## - DEWEY DECIMAL CLASSIFICATION NUMBER
-- 620.5 P5
100 ## - MAIN ENTRY--PERSONAL NAME
Personal name Rajendran V Ed.
245 #0 - TITLE STATEMENT
Title International Conference on NANOMATERIALS NANO 2005
250 ## - EDITION STATEMENT
Edition statement 1st
260 ## - PUBLICATION, DISTRIBUTION, ETC. (IMPRINT)
Date of publication, distribution, etc 2005
Name of publisher, distributor, etc Allied Publi
500 ## - GENERAL NOTE
General note REFERENCE
650 ## - SUBJECT ADDED ENTRY--TOPICAL TERM
Topical term or geographic name as entry element Nano
942 ## - ADDED ENTRY ELEMENTS (KOHA)
Item type Reference
Holdings
Withdrawn status Lost status Damaged status Permanent location Current location Shelving location Date acquired Cost, normal purchase price Full call number Barcode Date last seen Koha item type
      CENTRAL LIBRARY, NOORUL ISLAM CENTRE FOR HIGHER EDUCATION CENTRAL LIBRARY, NOORUL ISLAM CENTRE FOR HIGHER EDUCATION   01/31/2006 1000.00 620.5 P5 28302 09/13/2024 Reference
Visitors:
Copyright © 2024 Central Library NICHE.  All rights reserved.